Nové výzvy pre e-peniaze v eurozóne
Pojem elektronické peniaze. Pravidlá a regulácia e-peňazí. Bruselská iniciatíva SECA (Single European Cash Area).
Gespeichert in:
| 1. Verfasser: | |
|---|---|
| Format: | Buchkapitel |
| Sprache: | Slowakisch |
| Schlagworte: | |
| Tags: |
Keine Tags, Fügen Sie das erste Tag hinzu!
|
MARC
| LEADER | 00000naa$a2200000$$$4500 | ||
|---|---|---|---|
| 001 | 0112050 | ||
| 005 | 20231116085948.6 | ||
| 041 | 0 | |a slo | |
| 044 | |a SK | ||
| 245 | 1 | 0 | |a Nové výzvy pre e-peniaze v eurozóne |c Miloslav Hoschek |
| 520 | |a Pojem elektronické peniaze. Pravidlá a regulácia e-peňazí. Bruselská iniciatíva SECA (Single European Cash Area). | ||
| 610 | 2 | 0 | |a peniaze elektronické |
| 610 | 2 | 0 | |a eurozóna |
| 610 | 2 | 0 | |a platby bezhotovostné |
| 610 | 2 | 0 | |a smernice |
| 610 | 2 | 0 | |a prostriedky platobné |
| 100 | 1 | |a Hoschek, Miloslav | |